000
00255nam a22001217a 4500
003
SGT
082
_a
823
_b
HAR
100
_a
HARDY THOMAS
245
_a
THE MAYOR OF CASTERBRIDGE
260
_a
USA
_b
PENGUIN PUB
_c
1886
300
_a
437
942
_2
ddc
_c
BK
999
_c
33990
_d
33990